Rekonštrukcia historických budov versus stavebno-preventívna požiarna ochrana

Bibliographic Details
Main Author: Fuchs, Viliam (Author)
Format: Article
Language:Slovak
PhysicalDescription:Obr. 3
ISSN:1335-1249
Subjects:

MARC

LEADER 00000nab a2200000 a 4500
001 vtls000625537
003 SK-MaSNL
005 20260304090919.0
008 250425c1997 xo 0 slo
015 |a SNBRB19rr/mm-uuuuu 
035 |a CL0625676 
035 |a urn:nbn:sk:snk-abajeu 
035 |a (urnnbn)urn:nbn:sk:snk:ar-008egn 
035 |a (uuid)067f83b2-c1b0-48b2-839d-6d35175c2a04 
040 |a SNKBUCL  |b slo  |c SNKBUCL  |e AACR2 
041 0 |a slo 
044 |a xo  |c SK 
080 |a 721:719  |2 1981 
080 |a 719  |2 1981 
080 |a 69.059.35  |2 1981 
080 |a 614.841.3  |2 1981 
100 1 |a Fuchs, Viliam  |4 aut  |9 1382585 
245 1 0 |a Rekonštrukcia historických budov versus stavebno-preventívna požiarna ochrana  |c Viliam Fuchs 
300 |b Obr. 3 
650 0 7 |a historické budovy  |2 snkbucl  |9 31778 
650 0 7 |a požiarna ochrana  |2 snkbucl  |9 1501 
655 7 |a články z novín a časopisov  |2 snkbucl  |9 267496 
773 0 |t Eurostav  |g Roč. 3, č. 2 (1997), s. 39-42  |x 1335-1249 
850 |a Slovenská národná knižnica 
852 |a Slovenská národná knižnica 
954 |a odborná, vedecká literatúra pôvodná (slovenská)  |2 lita 
958 |a article14 
958 |a OND 
958 |a SK 
958 |a MI 
958 |a RK 
958 |a EUIPO 
992 |a RBX 
999 |c 2813304  |d 2815234